000 01067cam a22002054a 4500
005 20250605163507.0
008 250528s ||||||||||||||||||||||||d
035 _a20435
020 _a1557982414
040 _aGR-AtMCL
_bgre
_dGR-AtMCL
_eAACR2
245 1 _aPublication Manual / Of the American Psychological Association
250 _a4th
260 _bAcademic Press, Inc
_bAmerican Psychological Association,
_c1994
300 _a368
505 0 _aForeword, Introduction, Context and Organization of a Manuscript, Expression of Ideas, APA Editorial Style, Manuscript Preparation and Sample Paper, Manuscript Acceptance and Production, Journals Program of the American Psychological Association, Bibliography, Index.
520 _aForeword, Introduction, Context and Organization of a Manuscript, Expression of Ideas, APA Editorial Style, Manuscript Preparation and Sample Paper, Manuscript Acceptance and Production, Journals Program of the American Psychological Association, Bibliography, Index.
942 _cBK
999 _c5544
_d5544